| 000 | 01201nam a2200361Ia 4500 | ||
|---|---|---|---|
| 001 | Para_9509 | ||
| 003 | CHAP | ||
| 008 | 220125s2007 xx 000 0 und d | ||
| 010 | _a208183 | ||
| 040 | _cCHAP | ||
| 090 | _aFOLLETO 3531 | ||
| 100 |
_aGarcía Lara, Silverio _946183 |
||
| 245 |
_aManual de plagas en granos almacenados y tecnologías alternas para su manejo y control / _c por Silverio García Lara, César Espinosa Carrillo y David J. Bergvinson |
||
| 260 |
_aMéxico, D.F. : _b CIMMYT |
||
| 300 | _a55 p. | ||
| 650 |
_aCereales _x almacenamiento _921373 |
||
| 650 |
_aCereales _x plagas _921450 |
||
| 650 |
_aInsectos _x identificación _958929 |
||
| 650 | 0 |
_aMaíz _xPlagas _zMéxico _9171966 |
|
| 650 |
_aMaíz _x plagas _971034 |
||
| 650 |
_aMaíz _x variedades _971081 |
||
| 650 |
_aPlagas _9143593 |
||
| 700 |
_aBergvinson, David J. _911798 |
||
| 700 |
_aEspinosa Carrillo, César _937902 |
||
| 710 |
_aCentro Internacional de Mejoramiento de Maíz y Trigo _921207 |
||
| 901 | _aFOLLETO 3531 | ||
| 902 | _aM | ||
| 905 | _a0000002007 a 0000000000 00 | ||
| 910 | _a2007 | ||
| 942 | _cPARA | ||
| 942 |
_cPARA _d14 |
||
| 999 |
_c208183 _d208183 |
||